| 000 | 00952nam a2200241 a 4500 | ||
|---|---|---|---|
| 001 | 41584 | ||
| 003 | BD-RjUL | ||
| 005 | 20211209053421.0 | ||
| 008 | 160602s1964 bg ||||| |||| 00| 0 ben d | ||
| 020 | _c : Tk.2.50 | ||
| 035 | _a(BD-RjUL)41702) | ||
| 040 |
_aBD-RjUL _bben _cBD-RjUL |
||
| 041 | _aben | ||
| 082 |
_223 _a297 _bAHA 1964 |
||
| 100 |
_aআহমাদ, কাযী নাযীর _9127767 |
||
| 245 | 1 | 0 |
_aহুসনুল মোআশারাহ্ বা আর্দশ ইসলামী সমাজ জীবন / _cকাযী নাযীর আহমাদ |
| 260 |
_aকুষ্টিয়া : _bএস, এইচ কাযী মুহাম্মদ কামাল উদ্দীন, _c১৯৬৪ |
||
| 300 |
_a১৮৩ পৃ. ; _c২০ সেমি. |
||
| 504 | _aশুদ্ধিপত্র সংযুক্ত | ||
| 650 |
_aইসলাম _9127768 |
||
| 650 |
_aIslam _9127769 |
||
| 942 |
_2ddc _cBK |
||
| 999 |
_c41584 _d41584 |
||